000 01542cam a22002054a 4500
005 20250605164138.0
008 250528s ||||||||||||||||||||||||d
035 _a18840
020 _a566008548
040 _aGR-AtMCL
_bgre
_dGR-AtMCL
_eAACR2
245 1 _aInternational Railway Economics / Studies in Management and Efficiency
260 _bGower Publishing,
_c1985
300 _a338
520 _aThe theme of this book is the need to improve efficiency within railway operations and the contributors offer constructive suggestions based upon detailed assessment of specific problems. Preface, Introduction, Management and Performance Indicators, A Survey of Recent Developments in the Measurement of Rail Total Factor Productivity, Revitalization of the US Rail Freight Industry: An Organizational Perspective, The Development of Management Information to Meet the Needs of a New Management Structure for British Rail, Costing, Rail Cost Analysis, The Consistent Treatment of Rail and Road Freight Costs in Australia, Forecasting and Evaluation and Investment, The Determinants of Fixed-Rail Transit Demand - An International Cross-Sectional Comparison, An Evaluation of the Tyne side Metro, Forecasting Rail Freight Flows in Britain, Efficiency, European Railway Comparisons - What Can we Learn?, Railways in Rural Areas, Efficiency of Railway Transportation: The Indian Experience, Name and Subject Index.
700 1 _aButton K.J
_95109
700 1 _aPitfield D.E
_95110
942 _cBK
999 _c4152
_d4152